Top-Grossing North American Concert Tours - Statistics

General Stats
  • This quiz has been taken 31 times
  • The average score is 7 of 15
Answer Stats
Total gross Artist % Correct
$169.4M (2016) Beyoncé
86%
$166.4M (2018) Jay Z
86%
$277.3M (2018) | $199.4M (2015) | $112.7M (2013) Taylor Swift
79%
$133.7M (2012) Madonna
75%
$176.1M (2017) | $156M (2011) | $138.9M (2005) | $123M (2009) U2
68%
$177.8M (2019) | $162M (2005) | $138.5M (2006) | $121.2M (1994) The Rolling Stones
64%
$157.4M (2019) Elton John
46%
$122.4M (2016) | $115.9M (2003) Bruce Springsteen
36%
$112.4M (2017) Bruno Mars
36%
$166M (2018) Eagles
32%
$130.8M (2016) Guns N' Roses
29%
$114.9M (2015) Garth Brooks
25%
$127.2M (2014) One Direction
21%
$116.4M (2015) | $114.4M (2018) Kenny Chesney
7%
$133.2M (2007) The Police
7%
No matching quizzes found
Score Distribution
Percent of People with Each Score
Percentile by Number Answered
Your Score History
You have not taken this quiz